Basic biotechniques / (Record no. 92929)

MARC details
000 -LEADER
fixed length control field 00563nam a22001817a 4500
005 - DATE AND TIME OF LATEST TRANSACTION
control field 20150605152447.0
010 ## - LCCN (DPL NO)
LC control number ENG-112797
020 ## - INTERNATIONAL STANDARD BOOK NUMBER
Terms of availability 80.00
International Standard Book Number 9788123763323
035 ## - SYSTEM CONTROL NUMBER
System control number EN-96329
037 ## - SOURCE OF ACQUISITION
Source of stock number/acquisition DBAD/PUB
082 ## - DEWEY DECIMAL CLASSIFICATION NUMBER
Classification number 660.6
100 ## - MAIN ENTRY--PERSONAL NAME
Personal name Chawla, P. Cheena
245 00 - TITLE STATEMENT
Title Basic biotechniques /
Statement of responsibility, etc by P. Cheena Chawla
260 ## - PUBLICATION, DISTRIBUTION, ETC. (IMPRINT)
Place of publication, distribution, etc New Delhi
Name of publisher, distributor, etc National Book Trust
Date of publication, distribution, etc 2011
270 ## - ADDRESS
Address Nehru Bhawan, 5 Institutional Area, Phase-ll Vasant Kunj
City New Delhi
Postal code 110070
300 ## - PHYSICAL DESCRIPTION
Extent xvii,108p. :
Dimensions 22cm(pbk)
Other physical details ill.
942 ## - ADDED ENTRY ELEMENTS (KOHA)
Source of classification or shelving scheme Dewey Decimal Classification
Item type English Books
Call number suffix CHA
Classification part 660.6
Holdings
Withdrawn status Lost status Not for loan Collection code Home library Current library Date acquired Source of acquisition Cost, normal purchase price Full call number Barcode Copy number Cost, replacement price Koha item type
    Not For Loan Non-fiction D.B.Act.Division D.B.Act.Division 13/04/2015 DBAD/PUB 80.00 660.6 CHA EN-96329 1 80.00 English Books

© Delhi Public Library
Hit Counter
free hit counter